000 00713nam a22002417a 4500
003 UA-OsUOA
001 28252
007 ta
008 20050314b un ||||| |||| 00| 0 ukr d
090 _a94(477)
_bЗ64
942 _cBK
040 _aUA-OsUOA
_bukr
_cUA-OsUOA
_dUA-OsUOA
245 _aЗ'їзд перемишлян 23-26 червня 1994 року
_bНаукова конференція " Перемишль і перемиська земля протягом віків"
_cРед. М.Козак
300 _a160 с.
955 _a0
041 _aukr
080 _a94(477)
020 _a5-7702-1023-0
260 _aПеремишль
_c1997
044 _aUA
650 7 _2UDC
999 _c314615
_d314615